00725nam a2200229 i 450000100060000000300090000600500170001500700030003200800410003502000180007608000170009410000340011124501420014526000350028730000220032249000170034465000350036165000330039670000270042983000170045685200220047317886ES-MaACL20230906151715.0t|010614s2000 sp ||||1| spa d a84-95481-10-3 a821.134.2.091 aMartin Largo, José Ramón.13aLa judía de Toledo b: desde Lope de Vega hasta Franz Grillparzer /cJosé Ramón Martín Largo ; prólogo de Angel Gómez Moreno. aMadrid : bBrand, cD.L. 2000. a294 p. ; c21 cm.1 aAuryn ensayo14aLiteratura española-xTemas.14aJudíos-xEn la literatura.1 aGómez Moreno, Angel.0 aAuryn ensayo aES-MaACLjL-24667